[Event "Bosnjaci op 27th"]
[Site "Bosnjaci"]
[Date "2023.01.08"]
[Round "8"]
[White "Culum, Sanjin"]
[Black "Matic, Zeljko"]
[Result "1-0"]
[WhiteElo "2242"]
[BlackElo "2134"]
[PlyCount "75"]
[EventDate "2023.01.03"]
[EventType "swiss"]
[EventRounds "9"]
[EventCountry "CRO"]
[SourceTitle "CBM 212 Extra"]
[Source "ChessBase"]
[SourceDate "2023.03.31"]
[SourceVersion "1"]
[SourceVersionDate "2023.03.31"]
[SourceQuality "1"]

1. d4 g6 2. e4 Bg7 3. Nc3 a6 4. Be3 d6 5. g4 b5 6. Bg2 Bb7 7. h4 h6 8. g5 h5 9. Nge2 e6 10. 0-0 Ne7 11. f4 d5 12. f5 exf5 13. exf5 Nxf5 14. Rxf5 gxf5 15. Ng3 Qd7 16. Bh3 Nc6 17. Nxf5 Kf8 18. Qf3 Qe8 19. Rf1 Bc8 20. Nxg7 Kxg7 21. Bxc8 Rxc8 22. Nxd5 Qe6 23. Nf6 Nd8 24. Bf4 Kf8 25. d5 Qb6+ 26. Be3 Qd6 27. Bd4 c5 28. Ne4 Qxd5 29. Bxh8 Qxa2 30. g6 Rc6 31. Nf6 fxg6 32. Nd7+ Ke7 33. Qf8+ Kxd7 34. Rd1+ Kc7 35. Qxd8+ Kb7 36. Rd7+ Rc7 37. Qxc7+ Ka8 38. Qc8# 1-0

[Event "CRO-chT2 Qual 1B Liga"]
[Site "Trogir"]
[Date "2021.11.21"]
[Round "3.1"]
[White "Vlaic, Branko"]
[Black "Matic, Zeljko"]
[Result "1/2-1/2"]
[WhiteElo "2248"]
[BlackElo "2151"]
[PlyCount "54"]
[EventDate "2021.11.19"]
[EventType "team-tourn"]
[EventRounds "3"]
[EventCountry "CRO"]
[SourceTitle "EXT 2023"]
[Source "ChessBase"]
[SourceDate "2022.10.05"]
[SourceVersion "1"]
[SourceVersionDate "2022.10.05"]
[SourceQuality "1"]
[WhiteTeam "Sibenik"]
[BlackTeam "Nasice Slavonac"]
[WhiteTeamCountry "CRO"]
[BlackTeamCountry "CRO"]

1. d4 g6 2. Nf3 Bg7 3. g3 d6 4. Bg2 Nd7 5. 0-0 e5 6. dxe5 dxe5 7. Qd3 Ne7 8. Rd1 0-0 9. Bh3 Nf5 10. Bxf5 gxf5 11. Qxf5 Qe7 12. Nc3 Nb6 13. Qh5 f6 14. Nh4 Qf7 15. Qxf7+ Kxf7 16. e4 Be6 17. b3 Rfd8 18. Be3 Bf8 19. Kg2 c6 20. f4 Bb4 21. Ne2 Bg4 22. Nf3 exf4 23. gxf4 Re8 24. Ng3 Nd5 25. Rd3 Nxe3+ 26. Rxe3 Bd6 27. Ne2 Bc5 1/2-1/2

[Event "EU-ch Online U2300 Qual"]
[Site "Chess.com INT"]
[Date "2020.05.25"]
[Round "4"]
[White "Alexakis, Dimitris"]
[Black "Matic, Zeljko"]
[Result "1/2-1/2"]
[WhiteElo "2450"]
[BlackElo "2144"]
[PlyCount "110"]
[EventDate "2020.05.25"]
[EventType "swiss"]
[EventRounds "8"]
[EventCountry "NET"]
[SourceTitle "EXT 2021"]
[Source "ChessBase"]
[SourceDate "2020.10.23"]
[SourceVersion "1"]
[SourceVersionDate "2020.10.23"]
[SourceQuality "1"]

1. e4 g6 2. d4 Bg7 3. Nc3 d6 4. Be3 a6 5. a4 b6 6. Qd2 Bb7 7. h4 h5 8. Nh3 Nd7 9. Bc4 e6 10. Ng5 Qe7 11. f3 Ngf6 12. 0-0 0-0 13. Rad1 c6 14. Bb3 b5 15. Rfe1 Rac8 16. Bf4 Rfd8 17. Qf2 b4 18. Ne2 c5 19. e5 dxe5 20. dxe5 Nd5 21. Bxd5 Bxd5 22. Ng3 c4 23. Rd2 Qc5 24. Be3 Qc7 25. f4 Qb7 26. Red1 c3 27. bxc3 Rxc3 28. Bd4 Rc4 29. Nf1 Nb8 30. Ne3 Rcc8 31. f5 Nc6 32. Ba1 Qb6 33. fxg6 fxg6 34. Qf7+ Kh8 35. Qxg6 Qxe3+ 36. Kh1 Bxg2+ 37. Kh2 Bxe5+ 38. Bxe5+ Qxe5+ 39. Kxg2 Rxd2+ 40. Rxd2 Qg7 41. Qxh5+ Kg8 42. Kh1 Rf8 43. Qg4 Rf1+ 44. Kg2 Rf6 45. Re2 Nd8 46. Kh2 Kh8 47. Rg2 Rg6 48. Qh5+ Kg8 49. Qf3 Qe5+ 50. Kh1 Qe1+ 51. Kh2 Qxh4+ 52. Kg1 Qe1+ 53. Kh2 Qh4+ 54. Kg1 Qe1+ 55. Kh2 Qh4+ 1/2-1/2

[Event "Bosnjaci op 25th"]
[Site "Bosnjaci"]
[Date "2020.01.07"]
[Round "7"]
[White "Matic, Zeljko"]
[Black "Jakovljevic, Vlado"]
[Result "1/2-1/2"]
[WhiteElo "2142"]
[BlackElo "2351"]
[PlyCount "62"]
[EventDate "2020.01.03"]
[EventType "swiss"]
[EventRounds "9"]
[EventCountry "CRO"]
[SourceTitle "CBM 194 Extra"]
[Source "ChessBase"]
[SourceDate "2020.03.31"]
[SourceVersion "1"]
[SourceVersionDate "2020.03.31"]
[SourceQuality "1"]

1. b3 e5 2. Bb2 Nc6 3. e3 d5 4. Bb5 Bd6 5. f4 f6 6. Qh5+ g6 7. Qh4 Nge7 8. Qxf6 Rf8 9. Qh4 exf4 10. Nf3 h5 11. Nc3 Bg4 12. e4 Bxf3 13. gxf3 d4 14. Ne2 Be5 15. c3 a6 16. Bxc6+ Nxc6 17. Qxd8+ Rxd8 18. cxd4 Bxd4 19. Nxd4 Nxd4 20. Bxd4 Rxd4 21. Rg1 Kf7 22. Rc1 c6 23. Rc4 Rfd8 24. Rxd4 Rxd4 25. h4 a5 26. Ke2 a4 27. Rb1 Rb4 28. Kd3 Rb5 29. Kc4 axb3 30. axb3 Ra5 31. Kd4 Ra2 1/2-1/2

[Event "Hum na Sutli op 13th"]
[Site "Hum na Sutli"]
[Date "2019.08.30"]
[Round "8"]
[White "Matic, Zeljko"]
[Black "Rogulj, Branko"]
[Result "1/2-1/2"]
[WhiteElo "2178"]
[BlackElo "2410"]
[PlyCount "69"]
[EventDate "2019.08.24"]
[EventType "swiss"]
[EventRounds "9"]
[EventCountry "CRO"]
[SourceTitle "EXT 2020"]
[Source "ChessBase"]
[SourceDate "2019.10.17"]
[SourceVersion "1"]
[SourceVersionDate "2019.10.17"]
[SourceQuality "1"]

1. Nf3 Nf6 2. g3 g6 3. b3 Bg7 4. Bb2 c5 5. c4 0-0 6. Bg2 d5 7. cxd5 Qxd5 8. d3 Nc6 9. Nbd2 b6 10. Rc1 Bb7 11. Rc4 e5 12. 0-0 Na5 13. Rc2 Nd7 14. Nc4 Nxc4 15. dxc4 Qc6 16. Rd2 Rad8 17. Qa1 Bh6 18. Rd5 e4 19. Ne5 Nxe5 20. Rxe5 f5 21. Re7 Rf7 22. Rxf7 Kxf7 23. Rd1 Rd7 24. e3 Bf8 25. Qc1 Rxd1+ 26. Qxd1 Qd6 27. Qc2 Be7 28. Bf1 h5 29. h4 Bc6 30. Be2 a5 31. a4 Be8 32. Qc3 Bf6 33. Qxf6+ Qxf6 34. Bxf6 Kxf6 35. Kg2 1/2-1/2

[Event "Hum na Sutli op 13th"]
[Site "Hum na Sutli"]
[Date "2019.08.29"]
[Round "7"]
[White "Grbac, Boris"]
[Black "Matic, Zeljko"]
[Result "0-1"]
[WhiteElo "2088"]
[BlackElo "2178"]
[PlyCount "70"]
[EventDate "2019.08.24"]
[EventType "swiss"]
[EventRounds "9"]
[EventCountry "CRO"]
[SourceTitle "EXT 2020"]
[Source "ChessBase"]
[SourceDate "2019.10.17"]
[SourceVersion "1"]
[SourceVersionDate "2019.10.17"]
[SourceQuality "1"]

1. e4 g6 2. d4 Bg7 3. Nc3 d6 4. Be3 a6 5. Nf3 Nd7 6. Bd3 c5 7. a4 b6 8. Qd2 cxd4 9. Bxd4 Ngf6 10. 0-0 Bb7 11. Rfe1 0-0 12. h3 Nc5 13. b4 Nxd3 14. cxd3 e5 15. Be3 d5 16. exd5 Nxd5 17. Nxd5 Bxd5 18. Bh6 Bxh6 19. Qxh6 Bxf3 20. gxf3 Qxd3 21. Re4 f6 22. Kg2 Rac8 23. Rc1 Qb3 24. Rh4 Qf7 25. b5 g5 26. Rxc8 Rxc8 27. Rg4 axb5 28. axb5 Qg7 29. Qh5 Qg6 30. Qxg6+ hxg6 31. h4 gxh4 32. Rxg6+ Kf7 33. Rg4 Rc5 34. Rb4 Ke6 35. Kh3 Kd5 0-1

[Event "Hum na Sutli op 12th"]
[Site "Hum na Sutli"]
[Date "2018.08.29"]
[Round "7"]
[White "Jelecevic, Ivo"]
[Black "Matic, Zeljko"]
[Result "0-1"]
[WhiteElo "2049"]
[BlackElo "2245"]
[PlyCount "52"]
[EventDate "2018.08.25"]
[EventType "swiss"]
[EventRounds "9"]
[EventCountry "CRO"]
[SourceTitle "CBM 186 Extra"]
[Source "ChessBase"]
[SourceDate "2018.08.24"]
[SourceVersion "1"]
[SourceVersionDate "2018.08.24"]
[SourceQuality "1"]

1. e4 g6 2. d4 Bg7 3. Nc3 d6 4. Bc4 Nf6 5. Qe2 Nc6 6. d5 Nb8 7. h3 c6 8. a4 cxd5 9. exd5 0-0 10. Nf3 Na6 11. 0-0 Nc7 12. Bg5 h6 13. Bh4 Re8 14. Rfe1 Bd7 15. Rad1 Rc8 16. Nd4 a6 17. Qd3 Kh7 18. Re3 Na8 19. Ba2 Qb6 20. Bb3 Qb4 21. Rde1 Ng8 22. Nce2 Qxe1+ 23. Kh2 Qb4 24. c3 Qb6 25. Bc2 f5 26. Rf3 Rf8 0-1

[Event "Hum na Sutli op 12th"]
[Site "Hum na Sutli"]
[Date "2018.08.27"]
[Round "5"]
[White "Zufic, Miroslav"]
[Black "Matic, Zeljko"]
[Result "1/2-1/2"]
[WhiteElo "2387"]
[BlackElo "2245"]
[PlyCount "36"]
[EventDate "2018.08.25"]
[EventType "swiss"]
[EventRounds "9"]
[EventCountry "CRO"]
[SourceTitle "CBM 186 Extra"]
[Source "ChessBase"]
[SourceDate "2018.08.24"]
[SourceVersion "1"]
[SourceVersionDate "2018.08.24"]
[SourceQuality "1"]

1. e4 g6 2. d4 Bg7 3. Nc3 d6 4. Be3 a6 5. a4 Nf6 6. h3 0-0 7. g4 Nc6 8. Bg2 e5 9. Nge2 exd4 10. Nxd4 Bd7 11. 0-0 Re8 12. Nde2 h5 13. g5 Nh7 14. h4 Ne5 15. f4 Nc4 16. Bc1 c6 17. Qd3 d5 18. Kh2 Nb6 1/2-1/2

[Event "Zagreb Damjanovic Memorial 2nd"]
[Site "Zagreb"]
[Date "2018.07.23"]
[Round "9"]
[White "Zaja, Ivan"]
[Black "Matic, Zeljko"]
[Result "1/2-1/2"]
[WhiteElo "2441"]
[BlackElo "2260"]
[PlyCount "112"]
[EventDate "2018.07.16"]
[EventType "swiss"]
[EventRounds "9"]
[EventCountry "CRO"]
[SourceTitle "EXT 2019"]
[Source "ChessBase"]
[SourceDate "2018.10.10"]
[SourceVersion "1"]
[SourceVersionDate "2018.10.10"]
[SourceQuality "1"]

1. d4 g6 2. e4 Bg7 3. Nc3 d6 4. Be3 a6 5. a4 Nf6 6. h3 0-0 7. Nf3 d5 8. e5 Ne4 9. Nxe4 dxe4 10. Ng5 c5 11. c3 cxd4 12. cxd4 Nc6 13. Bc4 Qa5+ 14. Ke2 h6 15. Nxe4 Rd8 16. f4 Bf5 17. Ng3 Qb4 18. b3 b5 19. axb5 axb5 20. Rxa8 Rxa8 21. Bd5 Ra2+ 22. Kf3 Bc2 23. Qg1 Na5 24. Qe1 Qxe1 25. Rxe1 e6 26. Be4 Bxb3 27. d5 exd5 28. Bb1 Ra4 29. Ne2 Nc6 30. Nc3 Ra5 31. Bb6 Ra6 32. Bc7 b4 33. Ne2 Bc4 34. Bd6 b3 35. Ke3 Ra1 36. Nd4 Nxd4 37. Kxd4 Ra4 38. Kc3 d4+ 39. Kxd4 Bf1+ 40. Kc5 Bxg2 41. f5 gxf5 42. Bxf5 Rf4 43. Bd3 Rf2 44. Kc4 b2 45. Bc5 Rf3 46. Bd4 Rf4 47. Kc3 Bxh3 48. Rb1 Rf3 49. Rxb2 Bf5 50. Rd2 Kh7 51. Kc4 Rxd3 52. Rxd3 Bxd3+ 53. Kxd3 Kg6 54. Ke4 Bf8 55. Bc3 Be7 56. Kf4 Bf8 1/2-1/2

[Event "Zagreb Damjanovic Memorial 2nd"]
[Site "Zagreb"]
[Date "2018.07.21"]
[Round "6"]
[White "Stocko, Josip"]
[Black "Matic, Zeljko"]
[Result "1/2-1/2"]
[WhiteElo "2284"]
[BlackElo "2260"]
[PlyCount "80"]
[EventDate "2018.07.16"]
[EventType "swiss"]
[EventRounds "9"]
[EventCountry "CRO"]
[SourceTitle "EXT 2019"]
[Source "ChessBase"]
[SourceDate "2018.10.10"]
[SourceVersion "1"]
[SourceVersionDate "2018.10.10"]
[SourceQuality "1"]

1. e4 g6 2. d4 Bg7 3. Nc3 d6 4. Be3 a6 5. a4 b6 6. Nf3 Bb7 7. Bd3 Nd7 8. h4 h5 9. Bc4 e6 10. d5 e5 11. Ng5 Ngf6 12. f3 Nh7 13. Nxh7 Rxh7 14. Qd2 Qe7 15. Be2 Qf8 16. a5 Bh6 17. b4 Bxe3 18. Qxe3 Qh6 19. Qf2 Ke7 20. Nd1 f5 21. exf5 gxf5 22. Ne3 Rf7 23. axb6 Nxb6 24. c4 Qf4 25. 0-0 Rg8 26. Rfd1 Qh6 27. c5 f4 28. Nf5+ Rxf5 29. cxb6 cxb6 30. Qxb6 Bc8 31. Bxa6 Bd7 32. Bf1 Rff8 33. Ra7 Rd8 34. Qc7 Qg6 35. b5 Qg3 36. Qc3 e4 37. Re1 e3 38. Re2 Qxf3 39. Qd3 Rg7 40. Qf5 Qg4 1/2-1/2

[Event "Hum na Sutli op 11th"]
[Site "Hum na Sutli"]
[Date "2017.08.30"]
[Round "6"]
[White "Matic, Zeljko"]
[Black "Kalajzic, Ivan"]
[Result "1-0"]
[WhiteElo "2204"]
[BlackElo "2143"]
[PlyCount "113"]
[EventDate "2017.08.25"]
[EventType "swiss"]
[EventRounds "9"]
[EventCountry "CRO"]
[SourceTitle "EXT 2018"]
[Source "ChessBase"]
[SourceDate "2017.10.13"]
[SourceVersion "1"]
[SourceVersionDate "2017.10.13"]
[SourceQuality "1"]

1. c4 f5 2. Nf3 e6 3. g3 Nf6 4. Bg2 Be7 5. 0-0 0-0 6. b3 Ne4 7. Bb2 Bf6 8. d4 b6 9. Nbd2 Bb7 10. Ne5 Nd6 11. Bxb7 Nxb7 12. e4 Bxe5 13. dxe5 Nc5 14. exf5 Rxf5 15. Qe2 Nc6 16. Rad1 a5 17. Bc3 Qe7 18. f4 Raf8 19. Nf3 R5f7 20. Qc2 g6 21. Rf2 Qe8 22. a3 a4 23. b4 Nb3 24. Ng5 Ne7 25. Nxf7 Rxf7 26. Qe4 Qc8 27. Qd3 Nf5 28. g4 Ng7 29. c5 bxc5 30. bxc5 Qf8 31. c6 dxc6 32. Qd8 Re7 33. Qxf8+ Kxf8 34. Rd8+ Kf7 35. Re2 h5 36. h3 Re8 37. Rxe8 Kxe8 38. Re4 Nc5 39. Rc4 Nd3 40. Kf1 hxg4 41. hxg4 c5 42. Ke2 Nc1+ 43. Ke3 Kd7 44. Rxc5 Nb3 45. Rc4 c5 46. Rxa4 Ne8 47. Kd3 Nc7 48. Kc4 Nc1 49. Bd2 Ne2 50. Kxc5 Nd5 51. Ra7+ Ke8 52. f5 gxf5 53. gxf5 Ne7 54. fxe6 Kf8 55. Bg5 Ng6 56. e7+ Kf7 57. e6+ 1-0

[Event "Hum na Sutli op 10th"]
[Site "Hum na Sutli"]
[Date "2016.09.01"]
[Round "7"]
[White "Matanovic, Luka"]
[Black "Matic, Zeljko"]
[Result "1-0"]
[WhiteElo "2210"]
[BlackElo "2200"]
[PlyCount "73"]
[EventDate "2016.08.26"]
[EventType "swiss"]
[EventRounds "9"]
[EventCountry "CRO"]
[SourceTitle "CBM 174 Extra"]
[Source "ChessBase"]
[SourceDate "2016.10.10"]
[SourceVersion "1"]
[SourceVersionDate "2016.10.10"]
[SourceQuality "1"]

1. e4 e6 2. d4 c5 3. Nf3 cxd4 4. Nxd4 a6 5. Bd3 Nf6 6. Qe2 d6 7. c4 Nbd7 8. 0-0 b6 9. Nc3 Bb7 10. f4 g6 11. e5 dxe5 12. fxe5 Bc5 13. Be3 Nxe5 14. Nxe6 Bxe3+ 15. Qxe3 Nfg4 16. Nxd8 Nxe3 17. Nxb7 Nxf1 18. Re1 f6 19. Bxf1 0-0 20. Nd5 Rae8 21. Re3 f5 22. g3 g5 23. Rb3 f4 24. Rxb6 Ng4 25. gxf4 Re1 26. h3 Nh2 27. Kxh2 Rxf1 28. Nf6+ Kg7 29. fxg5 Rf7 30. Nd6 Re7 31. Nde4 Re1 32. c5 Re5 33. h4 Re3 34. c6 Rf5 35. Rb7+ Kf8 36. Rb8+ Kg7 37. Rg8+ 1-0

[Event "Zagreb Hulak Memorial op 1st"]
[Site "Zagreb"]
[Date "2016.06.16"]
[Round "8"]
[White "Matic, Zeljko"]
[Black "Biti, Ozren"]
[Result "0-1"]
[WhiteElo "2211"]
[BlackElo "2354"]
[PlyCount "76"]
[EventDate "2016.06.10"]
[EventType "swiss"]
[EventRounds "9"]
[EventCountry "CRO"]
[SourceTitle "CBM 173 Extra"]
[Source "ChessBase"]
[SourceDate "2016.08.29"]
[SourceVersion "1"]
[SourceVersionDate "2016.08.29"]
[SourceQuality "1"]

1. b3 e5 2. Bb2 d6 3. g3 f5 4. Bg2 Nf6 5. e3 c6 6. Ne2 Be7 7. 0-0 0-0 8. c4 Na6 9. Nbc3 Nc7 10. d3 d5 11. cxd5 cxd5 12. Rc1 Ne6 13. Qd2 Kh8 14. h3 a6 15. Rc2 Rb8 16. Rfc1 b5 17. f4 d4 18. Nd1 exf4 19. exf4 Bb7 20. Bxb7 Rxb7 21. Rc6 Qd7 22. Qa5 Nd5 23. a3 Ndc7 24. Qd2 Qd5 25. b4 h5 26. h4 Rf6 27. Kh2 Ng5 28. Nxd4 Nf3+ 29. Nxf3 Rxc6 30. Rxc6 Qxc6 31. Ne5 Qe8 32. Ne3 Bf6 33. Nxf5 Qe6 34. Nd4 Qa2 35. Qe2 Kg8 36. Ndc6 Nd5 37. Kh3 Ne7 38. Qxh5 Qe6+ 0-1

[Event "Zagreb op"]
[Site "Zagreb"]
[Date "2014.03.22"]
[Round "7"]
[White "Matic, Zeljko"]
[Black "Ivekovic, Zvonimir"]
[Result "1/2-1/2"]
[WhiteElo "2229"]
[BlackElo "2367"]
[PlyCount "117"]
[EventDate "2014.03.17"]
[EventType "swiss"]
[EventRounds "9"]
[EventCountry "CRO"]
[SourceTitle "CBM 159 Extra"]
[Source "ChessBase"]
[SourceDate "2014.04.24"]
[SourceVersion "1"]
[SourceVersionDate "2014.04.24"]
[SourceQuality "1"]

1. b3 d5 2. Bb2 Nc6 3. e3 e6 4. Nf3 Nf6 5. Bb5 Bd7 6. Bxc6 Bxc6 7. Ne5 Bb5 8. c4 Ba6 9. 0-0 Bd6 10. d3 c5 11. f4 Qc7 12. Nd2 dxc4 13. bxc4 0-0 14. Rf3 Nd7 15. Rh3 Nxe5 16. Qh5 f6 17. fxe5 Bxe5 18. Qxh7+ Kf7 19. Qh5+ Ke7 20. d4 Rh8 21. Qg6 Bxh2+ 22. Kh1 Rxh3 23. Qxg7+ Kd6 24. dxc5+ Kc6 25. Qxc7+ Bxc7+ 26. gxh3 Rd8 27. Nb3 Bxc4 28. Bxf6 Rg8 29. Nd2 Bd3 30. Rg1 Rf8 31. Bg7 Rf5 32. Rg4 Rxc5 33. Rd4 Be2 34. Kg2 e5 35. Rh4 Rc2 36. Ne4 Bd3+ 37. Kf3 Bxe4+ 38. Rxe4 Kd5 39. Ra4 a5 40. e4+ Ke6 41. Ra3 b5 42. Rb3 b4 43. a3 Bd6 44. axb4 Bxb4 45. h4 Rc7 46. Bh6 Rf7+ 47. Ke2 Kd6 48. Rh3 a4 49. Bc1 Ra7 50. h5 a3 51. h6 a2 52. Bb2 Rh7 53. Kd3 Bc5 54. Rh1 Ke6 55. Kc4 Be3 56. Rh5 Bd4 57. Bxd4 exd4 58. Ra5 Rxh6 59. Kxd4 1/2-1/2

[Event "CRO-chT2 Center"]
[Site "Zagreb"]
[Date "2012.10.21"]
[Round "10.23"]
[White "Matic, Zeljko"]
[Black "Brigljevic, Milan"]
[Result "1-0"]
[WhiteElo "2212"]
[BlackElo "2230"]
[PlyCount "83"]
[EventDate "2012.03.18"]
[EventType "team-swiss"]
[EventRounds "11"]
[EventCountry "CRO"]
[SourceTitle "EXT 2019"]
[Source "ChessBase"]
[SourceDate "2018.10.10"]
[SourceVersion "1"]
[SourceVersionDate "2018.10.10"]
[SourceQuality "1"]

1. c4 g6 2. Nc3 Bg7 3. Nf3 d6 4. g3 e5 5. Bg2 Nc6 6. d3 Nge7 7. Rb1 a5 8. a3 0-0 9. 0-0 h6 10. Nd2 Be6 11. Nd5 Qd7 12. b4 axb4 13. axb4 Bxd5 14. cxd5 Nd4 15. e3 Nb5 16. Qb3 Ra6 17. Nc4 Rfa8 18. Bb2 c6 19. dxc6 bxc6 20. f4 Qe6 21. fxe5 d5 22. Na5 Bxe5 23. d4 Bd6 24. Nb7 Nf5 25. Rbe1 Qe7 26. Nc5 Rb6 27. Qd3 Ra2 28. Bc1 Nxg3 29. hxg3 Bxg3 30. Re2 Qh4 31. Rf3 Rxe2 32. Qxe2 Nc3 33. Qc2 Rxb4 34. Qxc3 Rc4 35. Qd2 Bh2+ 36. Kf1 Bd6 37. Nd3 h5 38. Ne5 Bb4 39. Qd1 Rc2 40. Nd3 Rc4 41. Nxb4 Rxb4 42. Qe1 1-0